Spider-Man Villains - Statistics

General Stats
  • This quiz has been taken 222 times
  • The average score is 18 of 26
Answer Stats
Hint Answer % Correct
Norman Oborne Green Goblin
100%
Flint Marko Sandman
97%
Eddie Brock Venom
97%
Otto Octavius Doctor Octopus
94%
Cletus Kasady Carnage
93%
Maxwell Dillon Electro
93%
Curt Connors Lizard
92%
Adrian Toomes Vulture
92%
Quentin Beck Mysterio
90%
Aleksei Sytsevich Rhino
90%
Wilson Fisk Kingpin
89%
Mac Gargan Scorpion
88%
Felicia Hardy Black Cat
85%
Sergei Kravinoff Kraven
83%
Herman Schultz Shocker
80%
Dmitri Smerdyakov Chameleon
61%
Roderick Kingsley Hobgoblin
57%
Morris Bench Hydro Man
51%
Martin Lee Mister Negative
51%
Phineas Mason Tinkerer
51%
Miles Warren Jackal
47%
Mark Raxton Molten Man
40%
Silvio Manfredi Silvermane
33%
Abner Jenkins Beetle
26%
Anton Rodriguez Tarantula
19%
Thomas Firehart Puma
17%
No matching quizzes found
Score Distribution
Percent of People with Each Score
Percentile by Number Answered
Your Score History
You have not taken this quiz